[Event "Villa Roja de Artemisa tt"]
[Site "Artemisa"]
[Date "2018.06.23"]
[Round "8.1"]
[White "Vargas Castanedo, Yoanky"]
[Black "Alvarez Ruiz, Henry"]
[Result "0-1"]
[WhiteElo "1937"]
[BlackElo "1938"]
[PlyCount "78"]
[EventDate "2018.06.20"]
[EventType "team-tourn"]
[EventRounds "9"]
[EventCountry "CUB"]
[SourceTitle "EXT 2021"]
[Source "ChessBase"]
[SourceDate "2020.10.23"]
[SourceVersion "1"]
[SourceVersionDate "2020.10.23"]
[SourceQuality "1"]

1. e4 e5 2. Nf3 Nc6 3. d4 exd4 4. Nxd4 Qf6 5. Nxc6 Qxc6 6. Bd3 a6 7. 0-0 Bc5 8. a4 Ne7 9. Nd2 0-0 10. Nf3 Ng6 11. Qd2 d6 12. b4 Ba7 13. Bb2 Qe8 14. Qc3 f6 15. Qxc7 Bb8 16. Qc3 Nf4 17. Rfe1 Qg6 18. g3 Nh3+ 19. Kf1 Qh5 20. Ng1 Ba7 21. Be2 Qg6 22. Qc4+ Kh8 23. Nxh3 Bxh3+ 24. Kg1 f5 25. Bd4 Bxd4 26. Qxd4 fxe4 27. Bf1 Bxf1 28. Rxf1 Rae8 29. Rad1 Rf6 30. c4 h5 31. h4 e3 32. Rd3 Re4 33. Qd5 Re5 34. Qd4 Re4 35. Qd5 Rxf2 36. Qxd6 Rxf1+ 37. Kxf1 Qf5+ 38. Kg2 e2 39. Rd5 e1N+ 0-1